[Event "Nordic School-chT U14"]
[Site "Oslo"]
[Date "2016.09.10"]
[Round "3.18"]
[White "Karhula, Adam"]
[Black "Skovgaard, Emil"]
[Result "0-1"]
[WhiteElo "1143"]
[BlackElo "1690"]
[PlyCount "50"]
[EventDate "2016.09.09"]
[EventType "team-swiss"]
[EventRounds "5"]
[EventCountry "NOR"]
[SourceTitle "CBM 174 Extra"]
[Source "ChessBase"]
[SourceDate "2016.10.10"]
[SourceVersion "1"]
[SourceVersionDate "2016.10.10"]
[SourceQuality "1"]
[WhiteTeam "Espoo Int School"]
[BlackTeam "Nyelandsvej School"]
[WhiteTeamCountry "FIN"]
[BlackTeamCountry "DEN"]

1. e4 c5 2. Nf3 d6 3. d4 cxd4 4. Nxd4 Nf6 5. Nc3 g6 6. Bc4 Bg7 7. Be3 0-0 8. Qd2 Nc6 9. h3 Bd7 10. 0-0-0 Rc8 11. h4 Nxd4 12. Qxd4 Ng4 13. Qd3 Ne5 14. Bxf7+ Rxf7 15. Qd5 Nc4 16. Qxb7 Bxc3 17. bxc3 Qa5 18. Qxa7 Qxa7 19. Bxa7 Ra8 20. Bd4 Rxa2 21. Kb1 Ra3 22. e5 Rf8 23. Ba7 Rxa7 24. Rxd6 Rb8+ 25. Rb6 Rxb6+ 0-1